000 nam a22 7a 4500
999 _c10571
_d10571
008 180219b ||||| |||| 00| 0 eng d
100 _aSingh,A.P.
_96472
245 _atools for Formative Assessments&Lab manual in Maths-VI
260 _aJalandhar